Managers With Titles in More Than 1 Top 5 League - Statistics

General Stats
  • This quiz has been taken 225 times
    222 since last reset
  • The average score is 8 of 14
Answer Stats
# Titles Clubs Answer % Correct
1 8 Barcelona, Bayern Munich, Manchester City Pep Guardiola
99%
6 4 Bayern Munich, AC Milan, Chelsea, Paris Saint-Germain Carlo Ancelotti
93%
5 6 Chelsea, Inter Milan, Real Madrid José Mourinho
92%
11 3 Borussia Dortmund, Liverpool Jurgen Klopp
84%
6 4 Arsenal, AS Monaco Arsène Wenger
80%
6 4 Inter Milan, Manchester City Roberto Mancini
76%
6 4 Juventus, Chelsea Antonio Conte
75%
3 7 AC Milan, AS Roma, Real Madrid Fabio Capello
50%
11 3 Barcelona, Bayern Munich Louis van Gaal
48%
1 8 Juventus, Inter Milan, Bayern Munich Giovanni Trapattoni
35%
3 7 Inter Milan, Atletico Madrid, Barcelona Helenio Herrera
16%
13 2 Bayern Munich, Olympique Marseille Franz Beckenbauer
12%
13 2 Real Madrid, Nice Luis Carniglia
2%
6 4 Genoa, Athletic Bilbao William Garbutt
1%
No matching quizzes found
Score Distribution
Percent of People with Each Score
Percentile by Number Answered
Your Score History
You have not taken this quiz since the last reset